000 00722nam a2200217Ii 4500
003 JO-AjNU
008 230605s9999||||xx |||||||||||||| ||und||
017 _a2011/11/4223
020 _a978-9957-24-415-6
040 _aJO-AjNU
_bara
_erda
_cJO-AjNU
041 _aara
050 1 4 _aLB2806.S2876 2011
100 3 _aالسعود، راتب سلامة,
_eauthor
_959934
245 0 0 _aالقيادة التربوية: مفاهيم وافاق
264 3 1 _aعمان: دار صفاء للنشر والتوزيع، 2011
300 _a376ص
336 _atext
_btxt
_2rdacontent
337 _aunmediated
_bn
_2rdamedia
338 _avolume
_bnc
_2rdacarrier
650 4 _aالادارة التربوية-التربية
_959935
999 _aA26996
_c30564
_d30564